000 00247nam a22001097a 4500
999 _c260621
_d260620
020 _a0439343852
100 _aBen M. Baglio
245 _aAnimal Ark: Foals in the Field
260 _aNew York
_bScholastic
_c1997
300 _a133 pgs
942 _cBK